000 00726nam a2200193 a 4500
001 BRCA_2142
005 20190320203702.0
008 130808s1992----mx-a---###---#000-0#spa-#
050 4 _aF1391.P8
_b.L43 88
_c1992
100 1 _aPérez Quitt, Ricardo
_96463
245 1 0 _aCristóbal Colón en el confesionario
_bdiálogo en un acto
_cRicardo Pérez Quitt.
260 _aPuebla, México
_bGobierno del Estado de Puebla : Secretaría de Cultura : Comisión Puebla V Centenario
_c1992
300 _a37 p.
_bil.
_c21 cm.
440 0 _aLecturas Históricas de Puebla
_n88
_96464
504 _aBibliografía: p. 37
651 4 _aPuebla (México)
_xHistoria
_9409
651 4 _aPuebla (México)
_xDescripción y viajes
_9407
942 _2lcc
_cB
999 _c1899
_d1899